[Event "Challenge"]
[Site "http://www.queenalice.com/game.php?id=513747"]
[Date "2008.12.28"]
[Round "-"]
[White "erick_silva"]
[Black "Nikita"]
[Result "1-0"]
[WhiteElo "1753"]
[BlackElo "1548"]

1. e4 e6 2. d4 Nf6 3. Bg5 Be7 4. e5 Ne4 5. Bxe7 Qxe7 6. Nf3 d6 7. Bd3 f5 8. exf6
Qxf6 9. Bxe4 d5 10. Bd3 b6 11. O-O c5 12. c4 cxd4 13. cxd5 exd5 14. Ne5 Ba6 15.
Re1 O-O 16. Bxa6 Qxf2+ 17. Kh1 Qxb2 18. Nd2 Nxa6 19. Nd7 Rf2 20. Nf3 Rxg2 21. a4
d3 22. Rb1 Qc2 23. Re7 Rf2 24. Qg1 g6 25. Nf6+ Kf8 26. Rxh7 Rxf3 27. Nd7+ Ke8
28. Qxg6+ Kd8 29. Qg8+ Kc7 30. Ne5+ Kd6 31. Qg6+ Kxe5 32. Re1+ Qe2 33. Re7+ Kf4
34. Qh6+ Kg4 35. Rg1+ Rg3 36. Rxg3+ Kf5 37. Qg5# 1-0

[Event "Challenge"]
[Site "http://www.queenalice.com/game.php?id=516470"]
[Date "2009.1.3"]
[Round "-"]
[White "RAFAELI"]
[Black "erick_silva"]
[Result "1-0"]
[WhiteElo "1765"]
[BlackElo "1725"]

1. e4 c5 2. Bc4 e6 3. Qf3 Be7 4. Nc3 Nc6 5. Nb5 a6 6. Nc3 Ne5 7. Qe2 Nxc4 8.
Qxc4 b5 9. Qe2 d5 10. exd5 Nf6 11. Nh3 Nxd5 12. Nxd5 Qxd5 13. O-O Bb7 14. f3 c4
15. Nf2 O-O 16. d3 f5 17. a3 e5 18. b4 Rae8 19. Bb2 Bd8 20. Rae1 Bb6 21. Kh1 Bc7
22. Nh3 Qd6 23. g3 Qh6 24. Qg2 Bc8 25. Bc1 f4 26. Nf2 fxg3 27. Bxh6 Re7 28. Qxg3
e4 29. Qg5 Rff7 30. dxe4 Bf4 31. Qc5 Rc7 32. Qb6 Bxh6 33. Rg1 Bb7 34. Qxh6 g6
35. Nh3 Rxf3 36. Ng5 Rxa3 37. Rgf1 Rg7 38. Rd1 Kh8 39. Rd8+ 1-0

[Event "AUTO-ADV-1171"]
[Site "http://www.queenalice.com/game.php?id=518738"]
[Date "2009.1.7"]
[Round "1"]
[White "Nigo"]
[Black "erick_silva"]
[Result "0-1"]
[WhiteElo "1667"]
[BlackElo "1813"]

1. e4 Nc6 2. Nf3 d5 3. exd5 Qxd5 4. Nc3 Qf5 5. d4 Bd7 6. Bd3 Qg4 7. O-O Nxd4 8.
Nxd4 Qxd4 9. Be3 Qb4 10. Qd2 Nf6 0-1

[Event "AUTO-ADV-1171"]
[Site "http://www.queenalice.com/game.php?id=518750"]
[Date "2009.1.7"]
[Round "1"]
[White "hacamarguinho"]
[Black "erick_silva"]
[Result "1/2-1/2"]
[WhiteElo "1883"]
[BlackElo "1872"]

1. e4 d5 2. Nc3 dxe4 3. Nxe4 Nc6 4. Nf3 Bg4 5. Be2 Qd5 6. Nc3 Qd7 7. O-O O-O-O
8. d3 e5 9. h3 Be6 10. Be3 Be7 11. Ne4 h6 12. Bc5 f5 13. Bxe7 Ngxe7 14. Nc5 Qd6
15. Nxe6 Qxe6 16. c3 e4 17. Ne1 Kb8 18. Qc2 exd3 19. Bxd3 Ne5 20. Rd1 Qxa2 21.
Be2 Rxd1 22. Bxd1 Qc4 23. Be2 Qe6 24. Nd3 Rd8 25. Nxe5 Qxe5 26. Bf3 c6 27. Bh5
Kc7 28. Qb3 f4 29. Bf3 g5 30. Bg4 Rd5 31. Bf3 Rd2 32. Rd1 Rxd1+ 33. Qxd1 b5 34.
Qd3 Qe1+ 35. Kh2 Qxf2 36. Qh7 Qg3+ 37. Kg1 Qe1+ 38. Kh2 Qe6 39. b4 Kd6 40. Qh8
Nf5 41. Qd8+ Qd7 42. Qf8+ Ke5 43. Qc5+ Ke6 44. Bg4 Kf6 45. Bxf5 Qxf5 46. Qxc6+
Kg7 47. Qb7+ Kg8 48. Qxa7 Qd3 49. Qb8+ Kh7 50. Qc7+ Kg6 51. Qc6+ Kg7 52. Qb7+
Kg6 53. Qc6+ Kg7 54. Qc7+ Kg6 55. Qc6+ Kg7 1/2-1/2

[Event "AUTO-ADV-1171"]
[Site "http://www.queenalice.com/game.php?id=518751"]
[Date "2009.1.7"]
[Round "1"]
[White "erick_silva"]
[Black "hacamarguinho"]
[Result "0-1"]
[WhiteElo "1818"]
[BlackElo "1846"]

1. e4 e5 2. Nc3 Nf6 3. Nf3 Nc6 4. Bb5 d6 5. d4 Bg4 6. Bxc6+ bxc6 7. dxe5 Bxf3 8.
Qxf3 dxe5 9. O-O Bd6 10. Rd1 Qc8 11. Bg5 Be7 12. Rd3 O-O 13. Bxf6 Bxf6 14. Qe3
Qe6 15. Rad1 a6 16. Rd7 Rac8 17. Qa7 Rfd8 18. Qxc7 Qxd7 19. Rxd7 Rxc7 20. Rxc7
Rd6 21. g3 g6 22. b3 Bd8 23. Ra7 a5 24. a4 Kg7 25. Kg2 Rf6 26. Ne2 Bb6 27. Ra6
Rxf2+ 28. Kh3 Be3 29. Ng1 Rxc2 30. Nf3 Rc5 31. Ne1 Bd2 32. Nd3 Rc3 33. Nxe5 c5
34. Rxa5 Rxg3+ 35. hxg3 Bxa5 36. Kg4 f6 37. Nd7 Bb4 38. Kf3 Kf7 39. Nb8 Ke6 40.
Nc6 Ba3 41. a5 Kd6 42. Nd8 Kc7 43. Ne6+ Kb7 44. g4 g5 45. Ng7 Ka6 46. Nh5 Bb2
47. Ke3 Kxa5 48. Kd3 Kb4 49. Kc2 Bd4 50. Ng3 c4 51. bxc4 Kxc4 52. Nf5 Be5 53.
Ne3+ Kd4 54. Kd2 Bf4 55. Ke2 Kxe4 56. Nf5 Be5 57. Ne3 Kf4 58. Kd3 Bb2 59. Nc4
Bc1 60. Kc2 Be3 61. Kd3 Bg1 62. Nd2 Kxg4 63. Ke4 f5+ 64. Kd3 Kg3 65. Ke2 g4 66.
Kf1 Kh2 67. Nc4 g3 68. Ne5 g2+ 0-1

[Event "AUTO-ADV-1171"]
[Site "http://www.queenalice.com/game.php?id=518759"]
[Date "2009.1.7"]
[Round "1"]
[White "zad2"]
[Black "erick_silva"]
[Result "0-1"]
[WhiteElo "1573"]
[BlackElo "1823"]

1. e4 Nc6 2. Nf3 d5 3. Nc3 dxe4 4. Nxe4 Bf5 5. Bd3 Nb4 6. Qe2 Qd5 7. Nc3 Bxd3 8.
Nxd5 Nxc2+ 9. Kd1 Bxe2+ 10. Kxc2 O-O-O 0-1

[Event "Challenge"]
[Site "http://www.queenalice.com/game.php?id=521985"]
[Date "2009.1.13"]
[Round "-"]
[White "Josecarlos"]
[Black "erick_silva"]
[Result "0-1"]
[WhiteElo "1983"]
[BlackElo "1710"]

1. d4 d5 2. c4 dxc4 3. e4 e5 4. d5 Bc5 5. Bxc4 Qh4 6. Qe2 Nf6 7. Nc3 Bd4 8. Nf3
Bxc3+ 9. bxc3 Qxe4 10. Qxe4 Nxe4 11. Nxe5 Nd7 12. Nxd7 Bxd7 13. Bb2 O-O 14. O-O
Nd2 15. Ba3 Nxc4 16. Bxf8 Kxf8 17. Rfe1 Rd8 18. Rab1 Bc8 19. Rb4 Nb6 20. c4 Re8
21. Rd1 Re4 22. Rc1 Nxd5 23. Ra4 Nf4 24. Kf1 a6 25. Ra3 Be6 26. g3 Bh3+ 0-1

[Event "Challenge"]
[Site "http://www.queenalice.com/game.php?id=521986"]
[Date "2009.1.13"]
[Round "-"]
[White "erick_silva"]
[Black "Josecarlos"]
[Result "1-0"]
[WhiteElo "1737"]
[BlackElo "1983"]

1. e4 e5 2. Nc3 Bb4 3. Nd5 Nc6 4. Nxb4 Nxb4 5. Nf3 d6 6. d4 Qe7 7. Bd2 Nc6 8. d5
Nd4 9. Nxd4 exd4 10. Bb5+ Bd7 11. Bxd7+ Qxd7 12. O-O O-O-O 13. Bc1 Nf6 14. Qxd4
b6 15. Bg5 Qe7 16. f4 Rde8 17. Rae1 Rhg8 18. e5 dxe5 19. fxe5 Qd7 20. exf6 gxf6
21. Bxf6 c5 22. Qd3 h5 23. d6 Kb7 24. Qd5+ Kb8 25. Qxh5 Qc6 26. Rxe8+ Qxe8 27.
Be5 Kc8 28. Rxf7 1-0

[Event "Challenge"]
[Site "http://www.queenalice.com/game.php?id=524199"]
[Date "2009.1.17"]
[Round "-"]
[White "leiva2"]
[Black "erick_silva"]
[Result "0-1"]
[WhiteElo "1814"]
[BlackElo "1763"]

1. e4 d5 2. exd5 Qxd5 3. Nc3 Qe6+ 4. Qe2 Qf5 5. d3 Nc6 6. Nf3 Nf6 7. h3 Be6 8.
g4 Qa5 9. Bd2 O-O-O 10. a3 Bd5 11. Bg2 Qb6 12. Nxd5 Rxd5 13. O-O Qxb2 14. Be3
Rd7 15. Ng5 Nd8 16. Rfb1 Qc3 17. Nxf7 Nxf7 18. Bxb7+ Kd8 19. Ba6 e5 20. Rb3
Qxa1+ 21. Kg2 Bxa3 22. Bc4 Ke7 23. f4 Nd5 24. Qf2 Nxe3+ 25. Qxe3 Bd6 26. f5 Qd4
0-1

[Event "Challenge"]
[Site "http://www.queenalice.com/game.php?id=525817"]
[Date "2009.1.20"]
[Round "-"]
[White "avp07"]
[Black "erick_silva"]
[Result "0-1"]
[WhiteElo "1343"]
[BlackElo "1724"]

1. c3 Nc6 2. d4 d5 3. Na3 e5 4. dxe5 Bxa3 5. bxa3 Nge7 6. Nf3 Bf5 7. Bg5 O-O 8.
Bxe7 Qxe7 9. Qxd5 Rad8 10. Qb3 Nxe5 11. Nxe5 Qxe5 12. e3 Be4 13. Be2 Bxg2 14.
Rg1 Qxh2 15. Rxg2 Qxg2 16. Bf1 Qe4 17. Rd1 h5 18. Rxd8 Rxd8 19. Be2 h4 20. f3
Qxe3 21. Qxb7 Qg1+ 22. Bf1 Qg3+ 23. Ke2 Qh2+ 24. Ke3 Qd2+ 25. Ke4 Re8+ 26. Kf5
Qd6 27. f4 Qg6# 0-1

[Event "Challenge"]
[Site "http://www.queenalice.com/game.php?id=530826"]
[Date "2009.1.28"]
[Round "-"]
[White "RAFAELI"]
[Black "erick_silva"]
[Result "0-1"]
[WhiteElo "1735"]
[BlackElo "1848"]

1. e4 Nc6 2. Bc4 Nf6 3. Bd3 d5 4. f3 e5 5. c3 dxe4 6. Bxe4 Nxe4 7. fxe4 Qh4+ 8.
Kf1 Bc5 9. Qe2 Be6 10. Nf3 Qf4 11. Na3 Bxa3 12. bxa3 Qf6 13. Qb5 O-O 14. Qxb7
Bc4+ 15. Ke1 Qd6 16. Qb2 Qd3 17. Ng1 Qf1# 0-1

[Event "Challenge"]
[Site "http://www.queenalice.com/game.php?id=532457"]
[Date "2009.1.31"]
[Round "-"]
[White "general_zod"]
[Black "erick_silva"]
[Result "0-1"]
[WhiteElo "1725"]
[BlackElo "1781"]

1. e4 d5 2. exd5 Nf6 3. Bb5+ Bd7 4. Bxd7+ Qxd7 5. Nf3 Qxd5 6. Nc3 Qf5 7. O-O Nc6
8. d4 O-O-O 9. Be3 e5 10. d5 Nb4 11. Bxa7 Nfxd5 12. Nh4 Qe6 13. Qf3 b6 14. Rfd1
Nxc2 15. Rac1 Nd4 16. Qh3 Qxh3 17. gxh3 Nxc3 18. Rxc3 Ne2+ 0-1

[Event "Challenge"]
[Site "http://www.queenalice.com/game.php?id=550018"]
[Date "2009.3.4"]
[Round "-"]
[White "Aguinaldo"]
[Black "erick_silva"]
[Result "1-0"]
[WhiteElo "1765"]
[BlackElo "1861"]

1. e4 e5 2. Nf3 Nc6 3. d3 Nf6 4. Bg5 h6 5. Bxf6 Qxf6 6. Nc3 Bb4 7. a3 Bxc3+ 8.
bxc3 d6 9. Be2 Bg4 10. Nd2 Bxe2 11. Qxe2 O-O 12. O-O a5 13. Qf3 Qg5 14. Rad1 f5
15. exf5 Rxf5 16. Qg3 Qf6 17. Ne4 Qe6 18. Ra1 Ne7 19. c4 b6 20. Qg4 Raf8 21. f3
c6 22. Rab1 Nc8 23. g3 d5 24. cxd5 cxd5 25. Nd2 Qc6 26. c4 dxc4 27. Qxc4+ Qxc4
28. Nxc4 Ne7 29. Rxb6 Nd5 30. Rb5 Nc3 31. Rxa5 Ne2+ 32. Kg2 e4 33. Rxf5 Rxf5 34.
dxe4 Rc5 35. Nd6 Rc2 36. Rf2 Kf8 37. a4 h5 38. e5 Ke7 39. a5 Nd4 40. Rxc2 Nxc2
41. a6 Nd4 42. a7 Ke6 43. a8=Q Nf5 44. Nxf5 Kxf5 45. Qe4+ Ke6 46. f4 Kf7 47. f5
Ke7 48. Qh4+ Kf7 49. Qxh5+ Kg8 50. g4 g6 51. Qxg6+ Kh8 52. Qe8+ Kg7 53. f6+ Kh7
54. Qf7+ Kh6 55. Qh5# 1-0

[Event "Challenge"]
[Site "http://www.queenalice.com/game.php?id=552236"]
[Date "2009.3.7"]
[Round "-"]
[White "erick_silva"]
[Black "marcet"]
[Result "0-1"]
[WhiteElo "1832"]
[BlackElo "1893"]

1. Nf3 e6 2. e4 d5 3. e5 c5 4. Be2 Nc6 5. Bb5 Bd7 6. d3 Qa5+ 7. Nc3 d4 8. Bxc6
Bxc6 9. O-O dxc3 10. bxc3 Qxc3 11. Bd2 Qb2 12. c4 Ne7 13. Ng5 Qxe5 14. Nf3 Qf5
15. Ne1 Ng6 16. f3 Bd6 17. Bc3 O-O 18. Nc2 Nf4 19. Ne3 Qg5 20. Ng4 f5 21. Ne3 e5
22. g3 Rf6 23. Ng2 Nh3+ 24. Kh1 Rg6 25. Qe2 Re8 26. Bd2 f4 27. Rab1 h5 28. Nh4
Rf6 29. Qg2 Bd7 30. Rxb7 Bf5 31. Nxf5 Qxf5 32. gxf4 g6 33. Rxa7 Nxf4 34. Qf2
Nxd3 35. Qg2 Nf4 36. Qe2 Nxe2 37. Bh6 Re7 38. Ra8+ Kh7 39. Bd2 Qh3 40. Rf2 e4
41. Rxe2 Qf1# 0-1

[Event "Challenge"]
[Site "http://www.queenalice.com/game.php?id=554904"]
[Date "2009.3.12"]
[Round "-"]
[White "erick_silva"]
[Black "Taurus"]
[Result "0-1"]
[WhiteElo "1841"]
[BlackElo "2023"]

1. e4 e5 2. Nf3 Nc6 3. Be2 Nf6 4. Nc3 Bb4 5. Nd5 Nxe4 6. O-O Bc5 7. Ne3 d6 8. c3
O-O 9. b4 Bb6 10. Qc2 Nf6 11. a4 a6 12. Ng5 d5 13. a5 Ba7 14. Nxd5 Qxd5 15. Bf3
Qd6 16. h3 h6 17. Ne4 Nxe4 18. Bxe4 Be6 19. Ba3 Nd8 20. b5 Bc5 21. Bxc5 Qxc5 22.
b6 cxb6 23. axb6 Bd5 24. Bh7+ Kh8 25. Be4 Nc6 26. Ra4 Bxe4 27. Qxe4 Qxb6 28. Rb1
Qc7 29. Ra3 Na5 30. d3 f6 31. Qf5 Nc6 32. Rab3 Rab8 33. Qg6 Nd8 34. Rb4 Qxc3 35.
Rc4 Qa5 36. Rbc1 Ne6 37. Qg4 Qd5 38. R1c3 f5 39. Qd1 e4 40. Qc2 exd3 41. Rxd3
Qe5 42. Re3 Qf6 43. Qe2 Nd4 44. Qa2 Rbc8 45. Rb4 Rc1+ 46. Kh2 Qd6+ 47. Rg3 Qxb4
48. Qd5 Nc6 49. Re3 Qf4+ 50. Rg3 Qxf2 51. Qd7 Qg1# 0-1

[Event "Challenge"]
[Site "http://www.queenalice.com/game.php?id=557371"]
[Date "2009.3.17"]
[Round "-"]
[White "capabllanca"]
[Black "erick_silva"]
[Result "1-0"]
[WhiteElo "2012"]
[BlackElo "1803"]

1. e4 e5 2. Nf3 Nf6 3. Bc4 d5 4. exd5 Bg4 5. d3 Nxd5 6. O-O Bc5 7. h3 Be6 8. Ng5
O-O 9. Nxe6 fxe6 10. Nc3 c6 11. Qg4 Qf6 12. Ne4 Qf5 13. Qxf5 exf5 14. Nxc5 b6
15. Ne6 a6 16. Nxf8 Kxf8 17. f4 Nxf4 18. Bxf4 exf4 19. Rxf4 Nd7 20. Rxf5+ Nf6
21. g4 Re8 22. g5 b5 23. Bb3 g6 24. Rxf6+ Ke7 25. Rxc6 a5 26. Re6+ Kd7 27. Rxe8
Kxe8 28. Re1+ Kd7 29. Re5 Kc6 30. a4 Kd6 31. Rxb5 Kc6 32. d4 Kd6 33. c4 Kc7 34.
c5 Kc6 35. d5+ Kd7 36. Rb7+ Kc8 37. Rxh7 Kd8 38. d6 Kc8 39. c6 Kd8 40. Rh8# 1-0

[Event "Challenge"]
[Site "http://www.queenalice.com/game.php?id=557378"]
[Date "2009.3.17"]
[Round "-"]
[White "capabllanca"]
[Black "erick_silva"]
[Result "1-0"]
[WhiteElo "1990"]
[BlackElo "1872"]

1. c4 g6 2. g3 Nf6 3. Bg2 e5 4. Nc3 Bg7 5. d3 c6 6. Bg5 d6 7. Qd2 Nbd7 8. Bh6
O-O 9. Nf3 Ng4 10. Bxg7 Kxg7 11. O-O b6 12. d4 a6 13. Rad1 Qe7 14. dxe5 dxe5 15.
Qd6 Qe6 16. Qxe6 fxe6 17. Ng5 Ndf6 18. Bxc6 Ra7 19. h3 Rc7 20. Rd6 Ne8 21. Rxe6
Kh6 22. hxg4 Kxg5 23. Rxe8 Rf6 24. Ne4+ Kxg4 25. Kg2 Rfxc6 26. f3+ Kh5 27. Rh1+
Bh3+ 28. Rxh3# 1-0